BECOMING A TEACHER (Record no. 216418)

MARC details
000 -LEADER
fixed length control field 00454nam a22001697a 4500
008 - FIXED-LENGTH DATA ELEMENTS--GENERAL INFORMATION
fixed length control field 260107b |||||||| |||| 00| 0 eng d
020 ## - INTERNATIONAL STANDARD BOOK NUMBER
International Standard Book Number 978-1785-835-681
050 ## - LIBRARY OF CONGRESS CALL NUMBER
Classification number LB1775.N49 2021
100 ## - MAIN ENTRY--PERSONAL NAME
Personal name NEWLAND ALAN
245 ## - TITLE STATEMENT
Title BECOMING A TEACHER
260 ## - PUBLICATION, DISTRIBUTION, ETC.
Place of publication, distribution, etc. UNITED KINGDOM
Name of publisher, distributor, etc. CROWN HOUSE PUBLISHING
Date of publication, distribution, etc. 2021
300 ## - PHYSICAL DESCRIPTION
Extent X,361
500 ## - GENERAL NOTE
General note INCLUDES AN INDEX
650 ## - SUBJECT ADDED ENTRY
Topical term or geographic name entry element TEACHING-VACATIONAL GUIDANCE
942 ## - ADDED ENTRY ELEMENTS (KOHA)
Source of classification or shelving scheme Library of Congress Classification
Koha item type Long Loan Book
Holdings
Withdrawn status Lost status Source of classification or shelving scheme Damaged status Not for loan Collection Home library Current library Shelving location Date acquired Inventory number Total checkouts Full call number Barcode Date last seen Copy number Price effective from Koha item type
    Library of Congress Classification     Arts & Social Sciences Kisii University Library Kisii University Library On Display 01/07/2026 110808   LB1775.N49 2021 000000018386 01/07/2026 C.1 01/07/2026 Long Loan Book
    Library of Congress Classification     Arts & Social Sciences Kisii University Library Kisii University Library On Display 01/07/2026 110809   LB1775.N49 2021 000000018385 01/07/2026 C.2 01/07/2026 Long Loan Book
    Library of Congress Classification     Arts & Social Sciences Kisii University Library Kisii University Library On Display 01/07/2026 110812   LB1775.N49 2021 000000018384 01/07/2026 C.5 01/07/2026 Long Loan Book
    Library of Congress Classification     Arts & Social Sciences Kisii University Library Kisii University Library On Display 01/07/2026 110811   LB1775.N49 2021 000000018383 01/07/2026 C.4 01/07/2026 Long Loan Book
    Library of Congress Classification     Arts & Social Sciences Kisii University Library Kisii University Library On Display 01/07/2026 110810   LB1775.N49 2021 000000018382 01/07/2026 C.3 01/07/2026 Long Loan Book